000
00308nam a2200145Ia 4500
100
_a
Rama Murthy/P
942
_c
BK
366
_f
23
245
_a
Operations Research
260
_b
New Age Int (P) Ltd
_c
2007
082
_a
658.4034
_b
RAM
300
_a
692
546
_a
ENGLISH
_c
Info.Tech
999
_c
32228
_d
32228